Hiệp định Paris về Việt nam năm 1973 - Thắng lợi của đàm phán hoà bình gay go nhất thế kỷ XX

Guardado en:
Detalles Bibliográficos
Formato: Sách
Lenguaje:Undetermined
Publicado:  Lao động  2018
Materias:
Etiquetas: Agregar Etiqueta
Sin Etiquetas, Sea el primero en etiquetar este registro!
Thư viện lưu trữ: Trung tâm Thư viện - Trường Đại học Công nghiệp TP. Hồ Chí Minh
LEADER 00553nam a2200133Ia 4500
001 UIH_04992
008 231011s9999 xx 000 0 und d
082 |a  959.7043 
245 0 |a  Hiệp định Paris về Việt nam năm 1973 - Thắng lợi của đàm phán hoà bình gay go nhất thế kỷ XX 
260 |b  Lao động 
260 |c  2018 
650 |a  Kháng chiến chống Mỹ; Hiệp định Paris;  
927 |a Sách 
980 |a Trung tâm Thư viện - Trường Đại học Công nghiệp TP. Hồ Chí Minh